000 00658nam a2200181 a 4500
001 BRCA_2151
005 20190320203705.0
008 130808s1992----mx-#---###---#000-0#spa-#
050 4 _aF1391.P8
_b.L43 97
_c1992
100 1 _aTirado Villegas, Gloria
_95437
245 1 0 _aRelatos del Interoceánico 2
_cGloria Tirado Villegas.
260 _aPuebla, México
_bGobierno del Estado de Puebla : Secretaría de Cultura : Comisión Puebla V Centenario
_c1992
300 _a32 p.
_c21 cm.
440 0 _aLecturas Históricas de Puebla
_n97
_96491
651 4 _aPuebla (México)
_xHistoria
_9409
651 4 _aPuebla (México)
_xDescripción y viajes
_9407
942 _2lcc
_cB
999 _c1908
_d1908